000 00703nam a2200241 i 4500
001 C2-0300419
003 PPAK
005 20180728081934.0
008 091105s2008 my a|||| ||||| | may d
020 _a9789833585380 ; 9833585388
040 _aPPAK
_beng
_cPPAK
_erda
082 0 4 _a395
_223
090 0 0 _a395
_bSAM
_dR
100 0 _aSamsudin Wahab,
_eauthor
245 1 0 _aMengurus majlis dan acara rasmi
264 1 _aKuala Lumpur :
_bPTS Professional Publishing ,
_c2008
300 _ai, 190 pages :
_billustrations ;
_c22 cm
336 _2rdacontent
_atext
337 _2rdamedia
_aunmediated
338 _2rdacarrier
_avolume
650 1 0 _aEnquette. ; Manner and custooms.
942 _ddc
_cB
999 _c104307
_d104307